Funny Ash Wednesday Crosses Quiz Stats

 Plays Quiz not verified by Sporcle

Support Sporcle.
Go Orange.
Score 0/18 Timer 05:00
0 Plays Today
% Correct
The Dripster
87.1%
The Mini
86.4%
Harry Potter
85.1%
The Blob
84.8%
iPriest
82.6%
OCD
76%
Pirate's Booty
72.7%
Load Toner
70.7%
The Hindu
70.2%
% Correct
Father's Revenge
65.7%
The Jansenist
58.3%
The Hitchcock
57.1%
The Hipster
56.3%
The One Stroke
55.8%
First In Line
50%
The Franciscan
45.7%
The Hasty
43.4%
Rorschach
43.2%

You're not logged in!

Compare scores with friends on all Sporcle quizzes.
OR
Log In
Forgot?

From the Vault

Wii Sports

by darkangel7

I'm in great shape, I cross train all the time from the comforts of my couch.
Remove Ads.
Support Sporcle.
Get the best of Sporcle when you Go Orange. This ad-free experience offers more features, more stats, and more fun while also helping to support Sporcle. Thank you for becoming a member.

Show Comments

Extras

Top Quizzes Today


Score Distribution

Your Account Isn't Verified!

In order to create a playlist on Sporcle, you need to verify the email address you used during registration. Go to your Sporcle Settings to finish the process.

Report this User

Report this user for behavior that violates our Community Guidelines.

Details: